| 000 | 00841nam a2200241 a 4500 | ||
|---|---|---|---|
| 003 | OSt | ||
| 005 | 20231027101934.0 | ||
| 008 | 231019s2021 mx a|||| |||| 00| 0 spa d | ||
| 020 | _a978-607-12-0617-6 | ||
| 040 | _cCHAP | ||
| 090 | _aCD-505 | ||
| 245 | 0 | 3 |
_aLa ganadería mexicana rumbo a la agenda 2030 / _ccoordinado por Beatriz Aurelia Cavallotti Vázquez ...[y otros tres]. |
| 264 | 1 |
_aChapingo, México : _bUniversidad Autónoma Chapingo, _c2021. |
|
| 300 |
_a179 páginas: _bilustraciones. |
||
| 504 | _aIncluye bibliografía. | ||
| 650 | 4 |
_9128476 _aPobreza _zMéxico |
|
| 650 | 4 |
_9135056 _aPobreza _xAspectos sociales |
|
| 650 | 4 |
_944636 _aGanadería _xAspectos económicos _xMéxico |
|
| 710 |
_9150123 _aColegio de Posgraduados |
||
| 710 | 0 |
_9116486 _aUniversidad Nacional Autónoma de México |
|
| 942 | _2local | ||
| 942 | _cCD | ||
| 999 |
_c219291 _d219291 |
||